00795nas a2200229Ia 4500001001100000003000900011008004100020040001300061040001300074041001300087100004700100210003700147222003700184245010800221250001100329260002600340501008600366300002000452362002700472500002300499650004300522R111/44666IT-RoPAU151124c99999999xx |||||||||||| ||und|| aIT-RoPAU cIT-RoPAU aITALIANO aLorenzini AmletogCodice Aut. SPICS: 14657 aCOMUNICAZIONE DI MASSA (SUGARCO) aComunicazione Di Massa (Sugarco) aCOMUNICAZIONE DI MASSA (SUGARCO), ANNO 03-VOL.1 (1982)bRadici Letterarie Del Pensiero Mcluhaniano (Le) a1a ed. aMILANObSUGARCOc1982 bPaulus - SPICS - Società San Paolo EM (non-commercial uses only)cCopyright2015 a13 p. [119-131] aANNO 003, VOL.1 (1982) aHarold-Adams-Innis aCOMUNICAZIONEvPUBBLICAZIONE PERIODICA